Across the frontiers (Record no. 186805)
[ view plain ]
| 000 -LEADER | |
|---|---|
| fixed length control field | 00645 a2200193 4500 |
| 003 - CONTROL NUMBER IDENTIFIER | |
| control field | Nust |
| 005 - DATE AND TIME OF LATEST TRANSACTION | |
| control field | 20230525113742.0 |
| 010 ## - LIBRARY OF CONGRESS CONTROL NUMBER | |
| LC control number | 38015121 |
| 040 ## - CATALOGING SOURCE | |
| Transcribing agency | Nust |
| 082 ## - DEWEY DECIMAL CLASSIFICATION NUMBER | |
| Classification number | 823, GIB |
| 100 ## - MAIN ENTRY--PERSONAL NAME | |
| Personal name | Gibbs, Philip, |
| 9 (RLIN) | 112582 |
| 245 ## - TITLE STATEMENT | |
| Title | Across the frontiers |
| Statement of responsibility, etc. | Philip Gibbs |
| 260 ## - PUBLICATION, DISTRIBUTION, ETC. | |
| Place of publication, distribution, etc. | London, |
| Name of publisher, distributor, etc. | M. Joseph Ltd. |
| Date of publication, distribution, etc. | 1938 |
| 300 ## - PHYSICAL DESCRIPTION | |
| Extent | 336 p. |
| Other physical details | front. (port.) |
| Dimensions | 22cm |
| 505 ## - FORMATTED CONTENTS NOTE | |
| Formatted contents note | Twenty years after (Page-7),The Cause if Passion (Page-73),The Stricken League (Page-119), The New Germany(Page-173),The Problem of the Jews (Page-263), Illusions and Realities (Page-283). |
| 600 ## - SUBJECT ADDED ENTRY--PERSONAL NAME | |
| Personal name | Gibbs, Philip, |
| 9 (RLIN) | 112582 |
| 650 ## - SUBJECT ADDED ENTRY--TOPICAL TERM | |
| Location of event | Novel |
| 942 ## - ADDED ENTRY ELEMENTS (KOHA) | |
| Source of classification or shelving scheme | |
| Koha item type | Book |
| Withdrawn status | Lost status | Source of classification or shelving scheme | Damaged status | Not for loan | Permanent Location | Current Location | Shelving location | Date acquired | Full call number | Barcode | Date last seen | Price effective from | Koha item type | Public note |
|---|---|---|---|---|---|---|---|---|---|---|---|---|---|---|
| Military College of Signals (MCS) | Military College of Signals (MCS) | Fiction | 12/12/2016 | 823,GIB | MCS30131 | 12/08/2016 | 12/12/2016 | Book | Almirah No.57, Shelf No.5 |
